Statistics for Kingdom Hearts 7 Guardians of Light

Click here to take the quiz!

General Stats

  • This quiz has been taken 74 times
  • The average score is 7 of 7

Answer Stats

HintAnswer% Correct
6Kairi
100%
4Aqua
98%
1Sora
98%
5Ventus
98%
2Riku
97%
3Mickey
95%
7Axel
93%

Score Distribution

Percentile by Number Answered

Percent of People with Each Score

Your Score History

You have not taken this quiz